000 00304nam a22001337a 4500
008 170525b xxu||||| |||| 00| 0 eng d
020 _a9780199733767
041 _aeng
080 _25TH
_a621.3
100 _a26
101 _aIM
245 _aELEMENTS OF ELECTROMAGNETICS
_cSADIKU,M.N
942 _2udc
_cBK
999 _c14241
_d14241